[Event "11e tournoi d'automne - tournoi B"]
[Site "Montigny le Bretonneux"]
[Date "2012.10.29"]
[Round "3.1"]
[White "Branson, James"]
[Black "Conq, Alain"]
[Result "0-1"]
[WhiteElo "1705"]
[BlackElo "1853"]
[PlyCount "102"]
[EventDate "2012.10.??"]
[EventType "tourn"]
[EventRounds "9"]
[EventCountry "FRA"]
[SourceDate "2005.09.12"]

{Défense sicilienne, gambit Morra} 1. e4 c5 2. Nf3 Nc6 3. d4 cxd4 4. c3 dxc3 5.
Nxc3 e6 6. Bc4 Nf6 7. Qe2 d6 8. O-O Be7 9. Rd1 Nd7 10. Nb5 Nde5 11. Bf4 Nxf3+
12. Qxf3 O-O 13. Nxd6 Qb6 14. e5 Bxd6 15. exd6 Bd7 16. b3 e5 17. Be3 Qd8 18.
Qg3 Qf6 19. Bd3 Bf5 20. Bg5 Qg6 21. Bxf5 Qxf5 22. Qh4 f6 23. Qc4+ Kh8 24. Bc1
Rfd8 25. Ba3 Rac8 26. Qd5 Qd7 27. Rd3 Nd4 28. Rxd4 exd4 29. Qxd4 b5 30. Bc5 a6
31. b4 Qe6 32. h3 Rd7 33. a4 Qc4 34. Qd1 Kg8 35. axb5 Qxb5 36. Qd5+ Kh8 37. Qe6
Rdd8 38. Ra5 Qc6 39. g4 Re8 40. Qf5 Re1+ 41. Kh2 Qh1+ 42. Kg3 Rg1+ 43. Kf4 g5+
44. Ke3 Re8+ 45. Kd2 Rd1+ 46. Kc3 Qe1+ 47. Kb3 Rb1+ 48. Kc4 Re4+ 49. Bd4 Qxb4+
50. Kd5 Qxd4+ 51. Kc6 Rb6+ 0-1

[Event "11e tournoi d'automne - tournoi B"]
[Site "Montigny le Bretonneux"]
[Date "2012.10.29"]
[Round "3.2"]
[White "Jean, Robert"]
[Black "Couradin, Bruno"]
[Result "1-0"]
[WhiteElo "1725"]
[BlackElo "1752"]
[PlyCount "25"]
[EventDate "2012.10.??"]
[EventType "tourn"]
[EventRounds "9"]
[EventCountry "FRA"]
[SourceDate "2005.09.12"]

{Ouverture anglaise, variante sicilienne inversée} 1. c4 Nf6 2. g3 e5 3. Bg2
Bc5 4. e3 d6 5. Ne2 Nc6 6. Nbc3 Be6 7. d4 exd4 8. exd4 Nxd4 9. Nxd4 Bxd4 10.
Bxb7 Bd5 11. Nxd5 Nxd5 12. Bxd5 Rb8 13. Qe2+ 1-0

[Event "11e tournoi d'automne - tournoi B"]
[Site "Montigny le Bretonneux"]
[Date "2012.10.29"]
[Round "3.4"]
[White "Fayolle, Guy"]
[Black "Mabelly, Rudy"]
[Result "1/2-1/2"]
[WhiteElo "1801"]
[BlackElo "1789"]
[PlyCount "66"]
[EventDate "2012.10.??"]
[EventType "tourn"]
[EventRounds "9"]
[EventCountry "FRA"]
[SourceDate "2005.09.12"]

{Défense Caro-Kann, attaque Panov} 1. e4 c6 2. d4 d5 3. exd5 cxd5 4. c4 e6 5.
Nc3 Nf6 6. Nf3 Nc6 7. cxd5 exd5 8. Bd3 Be7 9. O-O O-O 10. a3 Bg4 11. Be2 Re8
12. Be3 a6 13. Rc1 Ne4 14. Ne5 Bxe2 15. Qxe2 Nxc3 16. Rxc3 Nxe5 17. dxe5 f6 18.
f4 fxe5 19. fxe5 Rc8 20. Rd3 Bc5 21. Bxc5 Rxc5 22. Qf3 Rf8 23. Qe3 Rxf1+ 24.
Kxf1 Rc4 25. Qf3 Rc1+ 26. Ke2 Rc2+ 27. Ke1 Rc1+ 28. Ke2 Rc2+ 29. Kf1 Rxb2 30.
Rxd5 Rb1+ 31. Ke2 Rb2+ 32. Kf1 Rb1+ 33. Ke2 Rb2+ 1/2-1/2

[Event "11e tournoi d'automne - tournoi B"]
[Site "Montigny le Bretonneux"]
[Date "2012.10.29"]
[Round "3.5"]
[White "Gazay, Didier"]
[Black "Rousseau, Philippe"]
[Result "1-0"]
[WhiteElo "1837"]
[BlackElo "1843"]
[PlyCount "95"]
[EventDate "2012.10.??"]
[EventType "tourn"]
[EventRounds "9"]
[EventCountry "FRA"]
[SourceDate "2005.09.12"]

{Ouverture anglaise} 1. c4 e6 2. g3 d5 3. cxd5 exd5 4. Nf3 Nf6 5. Bg2 c6 6. O-O
Bd6 7. d3 O-O 8. b3 Bg4 9. Qc2 Nbd7 10. Bb2 Re8 11. Re1 Qc7 12. Nbd2 Ne5 13.
Nd4 a6 14. a3 Rac8 15. Rac1 c5 16. Qb1 Qb6 17. N4f3 d4 18. Qc2 Qd8 19. Nxe5
Rxe5 20. Bxb7 Rc7 21. Bf3 Bxf3 22. exf3 Rxe1+ 23. Rxe1 Qc8 24. Kg2 Qb7 25. Ne4
Nxe4 26. fxe4 Re7 27. Qc4 Qb5 28. Qd5 Bc7 29. f4 Rd7 30. Qc4 Qxc4 31. bxc4 Ba5
32. Rd1 Rb7 33. Bc1 Rb1 34. Rf1 Bc3 35. e5 Bb2 36. Bxb2 Rxb2+ 37. Rf2 Rb3 38.
Rd2 Kf8 39. Kf3 Ke7 40. Ke4 Rxa3 41. Kd5 Ra5 42. f5 g6 43. g4 Kd7 44. e6+ Ke7
45. Rf2 g5 46. f6+ Ke8 47. e7 Ra3 48. Rb2 1-0

[Event "11e tournoi d'automne - tournoi C"]
[Site "Montigny le Bretonneux"]
[Date "2012.10.29"]
[Round "3.1"]
[White "Engel, Gerard"]
[Black "Urtado, Olivier"]
[Result "0-1"]
[WhiteElo "1684"]
[BlackElo "1626"]
[PlyCount "124"]
[EventDate "2012.10.??"]
[EventType "tourn"]
[EventRounds "9"]
[EventCountry "FRA"]
[SourceDate "2005.09.12"]

{Défense sicilienne, système fermé} 1. e4 c5 2. Nc3 e6 3. f4 d5 4. Bb5+ Nc6 5.
Bxc6+ bxc6 6. Nf3 Ba6 7. d3 c4 8. O-O Be7 9. Kh1 Nf6 10. e5 Nd7 11. d4 c5 12.
Ne2 Qc7 13. c3 h6 14. Qe1 Bb7 15. Ng3 g6 16. Ne2 Bc6 17. Qg3 Rb8 18. Nh4 Bxh4
19. Qxh4 Qd8 20. Qh3 h5 21. Rb1 a5 22. dxc5 Nxc5 23. Nd4 Bd7 24. b4 axb4 25.
cxb4 Ne4 26. a3 Qc8 27. Nf3 c3 28. Ng5 Qc4 29. Qf3 c2 30. Ra1 Nc3 31. Re1 d4
32. Ne4 Nxe4 33. Qxe4 Bc6 34. Qe2 Qxe2 35. Rxe2 Ba4 36. Ra2 d3 37. Rd2 Rd8 38.
Kg1 Rd4 39. g3 Ke7 40. Kf2 Rhd8 41. Ke3 f5 42. exf6+ Kxf6 43. Rb2 Kf5 44. b5
Re4+ 45. Kf2 Re2+ 46. Kf1 Rd4 47. Rb4 Rxb4 48. axb4 Bxb5 49. h3 Ke4 50. Rxe2+
dxe2+ 51. Kf2 Kd3 52. g4 hxg4 53. hxg4 Kc3 54. Ke1 Kxb4 55. Bd2+ Kb3 56. Bc1
Ka2 57. Kd2 Kb1 58. Ba3 e1=Q+ 59. Kxe1 c1=Q+ 60. Bxc1 Kxc1 61. Kf2 Kd2 62. f5
exf5 0-1

[Event "11e tournoi d'automne - tournoi C"]
[Site "Montigny le Bretonneux"]
[Date "2012.10.29"]
[Round "3.2"]
[White "Franiatte, Sylvain"]
[Black "Krestinine, Michka"]
[Result "0-1"]
[WhiteElo "1447"]
[BlackElo "1505"]
[PlyCount "90"]
[EventDate "2012.10.??"]
[EventType "tourn"]
[EventRounds "9"]
[EventCountry "FRA"]
[SourceDate "2005.09.12"]

{Défense Grünfeld, variante fermée} 1. d4 Nf6 2. c4 g6 3. Nc3 d5 4. Nf3 Bg7 5.
e3 O-O 6. cxd5 Nxd5 7. Bd3 Bg4 8. h3 Bxf3 9. Qxf3 e6 10. O-O Qd7 11. e4 Nxc3
12. bxc3 c5 13. Ba3 Rd8 14. Bxc5 Nc6 15. e5 Nxe5 16. Qe3 Nxd3 17. Qxd3 b6 18.
Ba3 Rac8 19. Rfd1 Qd5 20. Qe3 e5 21. dxe5 Qxe5 22. Rxd8+ Rxd8 23. Qxe5 Bxe5 24.
Rc1 Rd2 25. c4 Rxa2 26. Be7 Ra1 27. Rxa1 Bxa1 28. c5 bxc5 29. Bxc5 a5 30. Kf1
f5 31. f3 Kf7 32. Ke2 Ke6 33. Kd3 Kd5 34. Bf8 h5 35. Be7 a4 36. Ba3 Bd4 37. Kc2
Bc5 38. Kb2 Bxa3+ 39. Kxa3 Kd4 40. Kxa4 Ke3 41. Kb4 Kf2 42. Kc4 Kxg2 43. Kd4
Kxh3 44. f4 Kg3 45. Ke3 h4 0-1

[Event "11e tournoi d'automne - tournoi C"]
[Site "Montigny le Bretonneux"]
[Date "2012.10.29"]
[Round "3.3"]
[White "Mongey, Alain"]
[Black "Rousseau, Matthieu"]
[Result "1-0"]
[WhiteElo "1652"]
[BlackElo "1620"]
[PlyCount "131"]
[EventDate "2012.10.??"]
[EventType "tourn"]
[EventRounds "9"]
[EventCountry "FRA"]
[SourceDate "2005.09.12"]

{Partie du pion dame} 1. d4 e6 2. Nf3 d5 3. Bg5 Be7 4. Bxe7 Nxe7 5. e3 Nd7 6.
c4 dxc4 7. Bxc4 Nb6 8. Bd3 c6 9. Nc3 Nbd5 10. e4 Nf4 11. O-O Nxd3 12. Qxd3 O-O
13. Rfd1 Qc7 14. b4 Bd7 15. a3 b6 16. Rac1 Qb7 17. Qe3 Ng6 18. Rd2 Qb8 19. Rcd1
Rd8 20. d5 Qc7 21. d6 Qb7 22. e5 Qa6 23. a4 Qb7 24. Qe4 Rf8 25. Rc1 f5 26. Qc4
Rac8 27. Qb3 c5 28. b5 c4 29. Qc2 Rc5 30. Re1 Nf4 31. Rd4 Nd3 32. Re3 Nb4 33.
Qe2 Nd5 34. Nxd5 Rxd5 35. Rxc4 Rc8 36. Rec3 Rcc5 37. Rxc5 Rxc5 38. Rxc5 bxc5
39. Qc4 Qc8 40. Ne1 Qb8 41. Qxc5 Kf8 42. Nd3 Ke8 43. Nb4 Qc8 44. Qxc8+ Bxc8 45.
Nc6 a6 46. b6 Kd7 47. Nb8+ Kd8 48. a5 g6 49. f4 h6 50. Kf2 g5 51. g3 g4 52. Ke3
h5 53. Kd4 Bb7 54. Kc5 Ke8 55. Nxa6 Bxa6 56. Kc6 Kf7 57. b7 Kg6 58. b8=Q h4 59.
Qe8+ Kg7 60. d7 hxg3 61. hxg3 Kh7 62. Qh5+ Kg7 63. Kd6 Bc8 64. Qg5+ Kh7 65.
Qe7+ Kg6 66. d8=Q 1-0

[Event "11e tournoi d'automne - tournoi C"]
[Site "Montigny le Bretonneux"]
[Date "2012.10.29"]
[Round "3.4"]
[White "Krestinine, Nikita"]
[Black "Bouloc, Roger"]
[Result "1-0"]
[WhiteElo "1403"]
[BlackElo "1450"]
[PlyCount "97"]
[EventDate "2012.10.??"]
[EventType "tourn"]
[EventRounds "9"]
[EventCountry "FRA"]
[SourceDate "2005.09.12"]

{Gambit dame} 1. d4 d5 2. c4 e6 3. Nc3 Nf6 4. Bg5 Nbd7 5. e3 Bb4 6. Bd3 c6 7.
Nge2 O-O 8. a3 dxc4 9. Bxc4 Bd6 10. Bf4 Qc7 11. Bxd6 Qxd6 12. h3 b5 13. Bd3 Bb7
14. O-O a6 15. b4 a5 16. Qb3 a4 17. Qc2 Rfd8 18. Rac1 e5 19. Ne4 Nxe4 20. Bxe4
Nf6 21. dxe5 Qxe5 22. Bf3 Rac8 23. Qc3 Qxc3 24. Rxc3 Rd6 25. Nd4 Nd5 26. Rc5
Ne7 27. Rfc1 g6 28. g4 h6 29. Re5 Kf8 30. h4 Rf6 31. Bg2 Ba8 32. Be4 Kg7 33.
Rxe7 Kf8 34. Re5 Rd6 35. Rec5 Ke7 36. Nxc6+ Bxc6 37. Rxc6 Rcd8 38. Rxd6 Rxd6
39. Bc6 Rd3 40. Ra1 Kf6 41. Bxb5 Rc3 42. Bxa4 g5 43. h5 Ke5 44. Be8 f5 45. gxf5
Kxf5 46. Bg6+ Kg4 47. a4 Rc4 48. b5 Rf4 49. exf4 1-0

[Event "11e tournoi d'automne - tournoi A"]
[Site "Montigny le Bretonneux"]
[Date "2012.10.30"]
[Round "4.1"]
[White "Trommsdorf, Fro"]
[Black "Smati, Reda"]
[Result "1-0"]
[WhiteElo "2040"]
[BlackElo "2011"]
[PlyCount "97"]
[EventDate "2012.10.??"]
[EventType "tourn"]
[EventRounds "9"]
[EventCountry "FRA"]
[SourceDate "2005.09.12"]

{Ouverture anglaise, variante Botvinnik inversée} 1. Nf3 c5 2. g3 Nc6 3. c4 g6
4. Nc3 Bg7 5. Bg2 d6 6. d3 e6 7. O-O Nge7 8. Bd2 h6 9. a3 O-O 10. Rb1 b6 11. b4
Bb7 12. Qc1 Kh7 13. Re1 Qd7 14. e3 g5 15. Ne2 g4 16. Nh4 Ng6 17. f4 Nxh4 18.
gxh4 Ne7 19. e4 Ng6 20. h5 Nh4 21. Bh1 f5 22. Ng3 cxb4 23. axb4 e5 24. exf5
Bxh1 25. Kxh1 Nxf5 26. Re4 d5 27. cxd5 Rac8 28. Qd1 Nxg3+ 29. hxg3 exf4 30.
Bxf4 Qf5 31. d6 Qxh5+ 32. Kg1 Qf5 33. Qb3 Rc3 34. Qe6 Bd4+ 35. Kf1 Qh5 36. Qe7+
Rf7 37. Qh4 Qxh4 38. gxh4 Bf6 39. Ke2 Rc2+ 40. Ke3 Bxh4 41. Kd4 Kg6 42. Kd5 h5
43. Rh1 Bf6 44. Re6 Rf2 45. Be5 Rf5 46. d4 g3 47. Kc6 g2 48. Rg1 Kg5 49. d7 1-0

[Event "11e tournoi d'automne - tournoi A"]
[Site "Montigny le Bretonneux"]
[Date "2012.10.30"]
[Round "4.2"]
[White "Forissier, Nicolas"]
[Black "Van Dongen, Patrick"]
[Result "0-1"]
[WhiteElo "1938"]
[BlackElo "2320"]
[PlyCount "114"]
[EventDate "2012.10.??"]
[EventType "tourn"]
[EventRounds "9"]
[EventCountry "FRA"]
[SourceDate "2005.09.12"]

{Défense Nimzo-indienne, variante Fischer} 1. d4 Nf6 2. c4 e6 3. Nc3 Bb4 4. Nf3
b6 5. e3 Bb7 6. Bd3 O-O 7. O-O c5 8. Nb5 cxd4 9. a3 Be7 10. exd4 a6 11. Nc3 d5
12. Bg5 Nbd7 13. Ne5 dxc4 14. Bxc4 h6 15. Bh4 Nxe5 16. dxe5 Nd7 17. Bg3 b5 18.
Ba2 Nc5 19. Qg4 Qd2 20. Bf4 h5 21. Qg3 Qd3 22. Be3 Qf5 23. Bxc5 Bxc5 24. Bb1
Qg4 25. Ne4 Bd4 26. Qd3 Rfd8 27. h3 Qf4 28. Nd6 Bd5 29. Qh7+ Kf8 30. Qxh5 Bxe5
31. g3 Qf3 32. Qxf3 Bxf3 33. Be4 Bxe4 34. Nxe4 Bxb2 35. Ra2 Bd4 36. Rc1 Rac8
37. Rac2 Rxc2 38. Rxc2 Rd7 39. Kg2 Ke7 40. h4 a5 41. Nd2 a4 42. Kf3 Be5 43. Ke2
Rc7 44. Ra2 Rc3 45. Ne4 Rb3 46. Nd2 Rb2 47. Rxb2 Bxb2 48. Nb1 b4 49. Kd3 bxa3
50. Kc2 a2 51. Kxb2 axb1=Q+ 52. Kxb1 Kf6 53. Ka2 Kf5 54. Ka3 Kg4 55. Kxa4 Kf3
56. h5 Kxf2 57. g4 f6 0-1

[Event "11e tournoi d'automne - tournoi A"]
[Site "Montigny le Bretonneux"]
[Date "2012.10.30"]
[Round "4.3"]
[White "Veron, Cyprien"]
[Black "Ben Khelifa, Noomene"]
[Result "1/2-1/2"]
[WhiteElo "2052"]
[BlackElo "2093"]
[PlyCount "64"]
[EventDate "2012.10.??"]
[EventType "tourn"]
[EventRounds "9"]
[EventCountry "FRA"]
[SourceDate "2005.09.12"]

{Gambit dame} 1. Nf3 Nf6 2. c4 e6 3. Nc3 d5 4. e3 Be7 5. d4 O-O 6. Bd3 a6 7. a4
c5 8. cxd5 exd5 9. O-O Nc6 10. h3 Re8 11. Ne5 Bd6 12. Nxc6 bxc6 13. dxc5 Bxc5
14. b3 Qe7 15. Bb2 Bd6 16. Ne2 Bd7 17. Qc2 Ne4 18. Nd4 Qg5 19. f4 Qh4 20. Rf3
g5 21. Bxe4 dxe4 22. Nf5 Bxf5 23. Qc3 Be5 24. fxe5 Be6 25. Rf2 Rac8 26. Raf1
Re7 27. Rd2 c5 28. b4 cxb4 29. Qxc8+ Bxc8 30. Rd8+ Kg7 31. e6+ f6 32. Rxf6 g4
1/2-1/2

[Event "11e tournoi d'automne - tournoi A"]
[Site "Montigny le Bretonneux"]
[Date "2012.10.30"]
[Round "4.4"]
[White "Fruchard, Cyrille"]
[Black "Gouanelle, Franck"]
[Result "0-1"]
[WhiteElo "1902"]
[BlackElo "2100"]
[PlyCount "68"]
[EventDate "2012.10.??"]
[EventType "tourn"]
[EventRounds "9"]
[EventCountry "FRA"]
[SourceDate "2005.09.12"]

{Gambit dame, variante Tchigorine} 1. d4 d5 2. c4 Nc6 3. Nc3 dxc4 4. e3 e5 5.
Bxc4 exd4 6. exd4 Qxd4 7. Qb3 Ne5 8. Be2 c6 9. Be3 Qb4 10. Qc2 Be6 11. Nf3
Nxf3+ 12. Bxf3 Nf6 13. O-O Be7 14. Rfd1 O-O 15. Rac1 Rfe8 16. b3 Qa5 17. Be2
Bf5 18. Bd3 Bxd3 19. Qxd3 Rad8 20. Qc2 Bb4 21. Rf1 Bxc3 22. Qxc3 Qxc3 23. Rxc3
Nd5 24. Rd3 Nxe3 25. Rxe3 Rxe3 26. fxe3 Rd2 27. Ra1 Kf8 28. Kf1 c5 29. h3 Ke7
30. Rc1 Kd6 31. Ra1 h5 32. h4 Kd5 33. e4+ Ke5 34. g3 b6 0-1

[Event "11e tournoi d'automne - tournoi A"]
[Site "Montigny le Bretonneux"]
[Date "2012.10.30"]
[Round "4.5"]
[White "Girard, Eric"]
[Black "Plantet, Marc"]
[Result "1/2-1/2"]
[WhiteElo "2122"]
[BlackElo "1869"]
[PlyCount "53"]
[EventDate "2012.10.??"]
[EventType "tourn"]
[EventRounds "9"]
[EventCountry "FRA"]
[SourceDate "2005.09.12"]

{Ouveture anglaise} 1. c4 b6 2. Nc3 e6 3. e4 Bb7 4. Nge2 d5 5. exd5 exd5 6.
cxd5 Nf6 7. Nf4 Bd6 8. Bb5+ Nbd7 9. d4 O-O 10. O-O Re8 11. Qf3 a6 12. Bc6 Bxc6
13. dxc6 Nf8 14. Be3 Ne6 15. Nxe6 Rxe6 16. Rfe1 Bb4 17. Rad1 Bxc3 18. bxc3 Qd5
19. Qxd5 Nxd5 20. c4 Nxe3 21. fxe3 Rxc6 22. Rc1 Re6 23. c5 b5 24. Kf2 Rd8 25.
Rcd1 f5 26. Kf3 Kf7 27. h3 1/2-1/2

[Event "11e tournoi d'automne - tournoi B"]
[Site "Montigny le Bretonneux"]
[Date "2012.10.30"]
[Round "4.1"]
[White "Conq, Alain"]
[Black "Rousseau, Philippe"]
[Result "1-0"]
[WhiteElo "1853"]
[BlackElo "1843"]
[PlyCount "77"]
[EventDate "2012.10.??"]
[EventType "tourn"]
[EventRounds "9"]
[EventCountry "FRA"]
[SourceDate "2005.09.12"]

{Gambit dame} 1. d4 e6 2. c4 d5 3. Nc3 Nf6 4. cxd5 exd5 5. Bg5 Be7 6. e3 c6 7.
Qc2 Be6 8. Bd3 h6 9. Bh4 Nbd7 10. Nf3 Bg4 11. Nd2 Nh5 12. Bxe7 Qxe7 13. Be2
Bxe2 14. Nxe2 Nhf6 15. Ng3 O-O 16. O-O Rfe8 17. Nb3 Ne4 18. Nxe4 dxe4 19. Nc5
Nb6 20. a4 Nd5 21. a5 Kh8 22. Ra3 b6 23. axb6 axb6 24. Rxa8 Rxa8 25. Nxe4 c5
26. Nc3 Nb4 27. Qb3 cxd4 28. exd4 Rd8 29. d5 Qc5 30. Rd1 Qe7 31. Kf1 Qh4 32. h3
Qe7 33. d6 Qh4 34. Qxf7 Nc6 35. Re1 Qf6 36. Re8+ Kh7 37. Qxf6 gxf6 38. Rxd8
Nxd8 39. Nd5 1-0

[Event "11e tournoi d'automne - tournoi B"]
[Site "Montigny le Bretonneux"]
[Date "2012.10.30"]
[Round "4.2"]
[White "Mabelly, Rudy"]
[Black "Gazay, Didier"]
[Result "1-0"]
[WhiteElo "1789"]
[BlackElo "1837"]
[PlyCount "47"]
[EventDate "2012.10.??"]
[EventType "tourn"]
[EventRounds "9"]
[EventCountry "FRA"]
[SourceDate "2005.09.12"]

{Défense française, variante Winaver} 1. e4 e6 2. d4 d5 3. Nc3 Bb4 4. e5 b6 5.
a3 Bxc3+ 6. bxc3 Ba6 7. Qg4 g6 8. h4 h5 9. Qg3 Bxf1 10. Kxf1 Nc6 11. Bg5 Qd7
12. Ne2 Na5 13. Qd3 Nc4 14. Nf4 Ne7 15. Bf6 Rg8 16. Rg1 O-O-O 17. a4 Kb7 18. a5
Rc8 19. axb6 cxb6 20. Ke2 Nc6 21. Rgb1 Ra8 22. Qf3 Rgc8 23. Nd3 Qc7 24. Nc5+
1-0

[Event "11e tournoi d'automne - tournoi B"]
[Site "Montigny le Bretonneux"]
[Date "2012.10.30"]
[Round "4.3"]
[White "Duval, Dominique"]
[Black "Fayolle, Guy"]
[Result "1/2-1/2"]
[WhiteElo "1770"]
[BlackElo "1801"]
[PlyCount "142"]
[EventDate "2012.10.??"]
[EventType "tourn"]
[EventRounds "9"]
[EventCountry "FRA"]
[SourceDate "2005.09.12"]

{Défense est-indienne} 1. d4 Nf6 2. Nf3 g6 3. e3 Bg7 4. c4 O-O 5. Be2 d6 6. Nc3
Nbd7 7. O-O c6 8. Qc2 e5 9. dxe5 dxe5 10. Rd1 Qc7 11. b4 Ng4 12. e4 Qb6 13. c5
Qxb4 14. Na4 Qa5 15. Nd2 Ndf6 16. Nc4 Qc7 17. Nd6 Ne8 18. Ba3 Ngf6 19. Rab1 Nd7
20. Bg4 Nxd6 21. cxd6 Qd8 22. Bxd7 Bxd7 23. Rxb7 Be6 24. Nc5 Re8 25. Nxe6 Rxe6
26. Qxc6 Bf8 27. Qc7 Rf6 28. Rxa7 Rc8 29. Qb7 Rb8 30. Qd5 Kg7 31. Qxe5 Bxd6 32.
Bxd6 Qxd6 33. Qxd6 Rxd6 34. Rc1 Rb2 35. Rf1 Rdd2 36. g3 Re2 37. Ra4 Kf6 38. Kg2
Ke5 39. Kf3 Rxa2 40. Rxa2 Rxa2 41. Re1 h5 42. h4 f6 43. Re3 Ra4 44. Rb3 Ra5 45.
Ke3 g5 46. f4+ Ke6 47. Rb6+ Kf7 48. hxg5 fxg5 49. fxg5 Rxg5 50. Kf3 Kg7 51. Rd6
Rb5 52. Rd5 Rb3+ 53. Kf4 Kg6 54. Rg5+ Kf6 55. Rf5+ Kg6 56. Rf8 Rb1 57. Rc8 Rb4
58. Rc1 Kf6 59. Rh1 Kg6 60. Rh4 Rb1 61. g4 Rf1+ 62. Ke5 hxg4 63. Rxg4+ Kf7 64.
Rh4 Rc1 65. Rf4+ Ke7 66. Kf5 Rh1 67. e5 Rh5+ 68. Ke4 Rh1 69. Rf3 Ke6 70. Rf6+
Ke7 71. Rf3 Ke6 1/2-1/2

[Event "11e tournoi d'automne - tournoi B"]
[Site "Montigny le Bretonneux"]
[Date "2012.10.30"]
[Round "4.5"]
[White "Branson, James"]
[Black "Jean, Robert"]
[Result "1-0"]
[WhiteElo "1705"]
[BlackElo "1725"]
[PlyCount "119"]
[EventDate "2012.10.??"]
[EventType "tourn"]
[EventRounds "9"]
[EventCountry "FRA"]
[SourceDate "2005.09.12"]

{Défense sicilienne, gambit Morra} 1. e4 c5 2. f4 d5 3. exd5 Qxd5 4. Nc3 Qd8 5.
Bb5+ Bd7 6. Qe2 a6 7. Bxd7+ Qxd7 8. Nf3 Nc6 9. d3 Nf6 10. Be3 b6 11. Ne5 Qc7
12. Nxc6 Qxc6 13. O-O-O e6 14. g4 Be7 15. Rde1 b5 16. g5 Nd5 17. Nxd5 Qxd5 18.
Kb1 c4 19. Rhf1 cxd3 20. Qxd3 Qxd3 21. cxd3 Bb4 22. Rd1 O-O 23. f5 exf5 24.
Rxf5 Rfe8 25. Bc5 Bxc5 26. Rxc5 Re6 27. Kc2 g6 28. Kc3 Rae8 29. h4 Rd8 30. a3
Red6 31. d4 R8d7 32. d5 Kg7 33. Kd4 f5 34. Ke5 Kf7 35. Rd4 Ke7 36. Rc8 Kf7 37.
b4 Kg7 38. Rc6 Rxc6 39. dxc6 Re7+ 40. Kd6 Kf7 41. c7 Re6+ 42. Kd7 Re7+ 43. Kc8
Re6 44. Rd7+ Ke8 45. Rxh7 Rb6 46. Rh6 f4 47. h5 f3 48. hxg6 f2 49. Rh8+ Ke7 50.
Rh7+ Kd6 51. Rf7 Rc6 52. Rf6+ Ke7 53. Rxf2 Rxg6 54. Kb7 a5 55. c8=Q a4 56. Rf6
Rxf6 57. gxf6+ Kf7 58. Qf5 Kf8 59. Qd7 Kg8 60. Qg7# 1-0

[Event "11e tournoi d'automne - tournoi C"]
[Site "Montigny le Bretonneux"]
[Date "2012.10.30"]
[Round "4.1"]
[White "Urtado, Olivier"]
[Black "Bouloc, Roger"]
[Result "1-0"]
[WhiteElo "1626"]
[BlackElo "1450"]
[PlyCount "28"]
[EventDate "2012.10.??"]
[EventType "tourn"]
[EventRounds "9"]
[EventCountry "FRA"]
[SourceDate "2005.09.12"]

{Partie du pion dame} 1. d4 d5 2. Nf3 e6 3. g3 Nd7 4. Bg2 Ngf6 5. O-O Be7 6. b3
O-O 7. Bb2 c5 8. e3 Rb8 9. c4 b6 10. Nc3 Ba6 11. Ne5 Nxe5 12. dxe5 Ng4 13. Qxg4
dxc4 14. bxc4 Bxc4 1-0

[Event "11e tournoi d'automne - tournoi C"]
[Site "Montigny le Bretonneux"]
[Date "2012.10.30"]
[Round "4.3"]
[White "Krestinine, Michka"]
[Black "Mongey, Alain"]
[Result "1/2-1/2"]
[WhiteElo "1505"]
[BlackElo "1652"]
[PlyCount "53"]
[EventDate "2012.10.??"]
[EventType "tourn"]
[EventRounds "9"]
[EventCountry "FRA"]
[SourceDate "2005.09.12"]

{Gambit dame} 1. d4 d5 2. c4 e6 3. Nc3 Nf6 4. Bg5 Be7 5. e3 c6 6. Nf3 h6 7. Bf4
Nbd7 8. Bd3 Qb6 9. Qc2 dxc4 10. Bxc4 Nd5 11. Nxd5 exd5 12. Bd3 Bb4+ 13. Nd2 Nf6
14. O-O O-O 15. a3 Bxd2 16. Qxd2 Re8 17. f3 c5 18. dxc5 Qxc5 19. Rac1 Qb6 20.
Kh1 Qe6 21. Rfe1 Bd7 22. Rc7 Nh5 23. e4 Nxf4 24. Qxf4 Bc6 25. h3 g5 26. Qg3 f5
27. e5 1/2-1/2

[Event "11e tournoi d'automne - tournoi C"]
[Site "Montigny le Bretonneux"]
[Date "2012.10.30"]
[Round "4.4"]
[White "Engel, Gerard"]
[Black "Franiatte, Sylvain"]
[Result "1-0"]
[WhiteElo "1684"]
[BlackElo "1447"]
[PlyCount "91"]
[EventDate "2012.10.??"]
[EventType "tourn"]
[EventRounds "9"]
[EventCountry "FRA"]
[SourceDate "2005.09.12"]

{Partie des quatre cavaliers, variante écossaise} 1. e4 e5 2. Nc3 Nf6 3. Nf3
Nc6 4. d4 d6 5. d5 Nb8 6. Bd3 c6 7. dxc6 Nxc6 8. O-O Be7 9. Bg5 O-O 10. h3 a6
11. Rb1 h6 12. Bxf6 Bxf6 13. a3 Be6 14. b4 Ne7 15. Ne2 d5 16. exd5 Bxd5 17. Ng3
Ng6 18. Bxg6 fxg6 19. Qe2 Re8 20. Ne4 Qc7 21. Nxf6+ gxf6 22. Rfd1 Rad8 23. Rbc1
b5 24. Ne1 Bc4 25. Qg4 Kg7 26. h4 h5 27. Qf3 Be6 28. Rxd8 Rxd8 29. Qe3 Rd7 30.
Nd3 Bc4 31. Nc5 Rd6 32. Qf3 Bd5 33. Qxd5 Rxd5 34. Ne6+ Kf7 35. Nxc7 Rd6 36. c4
Rc6 37. Nd5 Rxc4 38. Rxc4 bxc4 39. Kf1 Ke6 40. Ne3 c3 41. Ke2 Kd6 42. Kd3 Kc6
43. Kxc3 Kb5 44. Kb3 a5 45. bxa5 Kxa5 46. Nd5 1-0

[Event "11e tournoi d'automne - tournoi C"]
[Site "Montigny le Bretonneux"]
[Date "2012.10.30"]
[Round "4.2"]
[White "Rousseau, Matthieu"]
[Black "Krestinine, Nikita"]
[Result "0-1"]
[WhiteElo "1620"]
[BlackElo "1403"]
[PlyCount "178"]
[EventDate "2012.10.??"]
[EventType "tourn"]
[EventRounds "9"]
[EventCountry "FRA"]
[SourceDate "2005.09.12"]

{Gambit dame, défense orthodoxe} 1. d4 Nf6 2. c4 e6 3. Nc3 d5 4. Bg5 Be7 5. e3
O-O 6. Nf3 Nbd7 7. a3 a6 8. Bd3 dxc4 9. Bxc4 b5 10. Bd3 Bb7 11. e4 c5 12. Bxf6
Bxf6 13. e5 Be7 14. dxc5 Nxc5 15. Bc2 Qxd1+ 16. Bxd1 Nd3+ 17. Ke2 Nxb2 18. Bb3
Rac8 19. Rhc1 Rfd8 20. a4 Rd3 21. Rab1 b4 22. Rxb2 Rdxc3 23. Rxc3 Rxc3 24. Ne1
a5 25. f3 Ba6+ 26. Kf2 Bc5+ 27. Kg3 Bd4 28. Rd2 Bxe5+ 29. Kf2 Kf8 30. Bc2 Ke7
31. g3 Bc4 32. Nd3 Bxd3 33. Bxd3 Ra3 34. Bc2 Ra2 35. Re2 Bc3 36. Ke3 Kd6 37.
Kd3 Kc5 38. Re4 Ra3 39. Rc4+ Kd6 40. Rc8 Bf6+ 41. Ke2 Rc3 42. Rxc3 bxc3 43. Be4
Kc5 44. Bc2 Kb4 45. h4 Ka3 46. h5 g6 47. g4 Kb2 48. Kd1 Bd4 49. Bd3 Be3 50. Be4
f5 51. gxf5 exf5 52. Bd3 Ka3 53. hxg6 hxg6 54. Bc2 g5 55. Bxf5 Kxa4 56. Kc2 Bd2
57. Kb1 Kb4 58. Ka2 a4 59. Bc2 Bc1 60. Kb1 Bb2 61. Ka2 a3 62. Kb1 Kc5 63. Ka2
Kd4 64. Kb1 Ke3 65. Bd1 Kd2 66. Bc2 Ke2 67. Be4 Ke3 68. Bd5 Kd2 69. Be4 a2+ 70.
Kxa2 c2 71. Bxc2 Kxc2 72. f4 g4 73. f5 Be5 74. Ka3 g3 75. Kb4 g2 76. Kc4 g1=Q
77. Kd5 Qd4+ 78. Ke6 Qf4 79. f6 Qxf6+ 80. Kd5 Bh2 81. Ke4 Qe5+ 82. Kf3 Kd3 83.
Kg2 Qf5 84. Kh1 Qf1+ 85. Kxh2 Qf8 86. Kg3 Ke3 87. Kg4 Qf4+ 88. Kh3 Qg5 89. Kh2
Kf2 0-1